[Event "Chigorin Memorial 07th"]
[Site "St Petersburg"]
[Date "1999.11.03"]
[Round "2"]
[White "Doroshkievich, Vladimir K"]
[Black "Shishkov, Andrei"]
[Result "1-0"]
[WhiteElo "2400"]
[BlackElo "2303"]
[Annotator "Golod,V"]
[PlyCount "59"]
[EventDate "1999.11.02"]
[EventType "swiss"]
[EventRounds "9"]
[EventCountry "RUS"]
[SourceTitle "CBM 074"]
[Source "ChessBase"]
[SourceDate "2000.02.01"]
[SourceVersion "1"]
[SourceVersionDate "2000.02.01"]
[SourceQuality "1"]

1. d4 Nf6 2. c4 e6 3. Nc3 Bb4 4. Qc2 O-O 5. e4 c5 $5 {Other alternatives are:}
(5... d6 $5 {See comments to Short,N-Karpov,A/Dortmund,1997/CBM 60 (1-0)
(Tsesarsky)(44)}) (5... d5 $5 {See comments to Ahlander,B-Wedberg,T/ Stockholm,
1999/CBM 73(1-0)(Golod,V)(43)}) ({and} 5... Nc6 $6) 6. a3 $6 {Besides black
has several options:6.e5!? (is the main line);6.Nf3;6.d5?!; 6.dxc5?! and 6.
Be3?!} Qa5 $1 {Comments to this part of the game: from 6...Qa5+ to 7.axb4 you
cand find in annotations to game:Chiburdanidze,M- Kortschnoj,V/Roquebrune,1998/
CBM 67 (0-1)(Golod,V)(37).} 7. axb4 $1 {[%mdl 512] Is the best move! Badly:7.
e5 because of cxd4-/+. See comments to Chiburdanidze,M- Kortschnoj,V/
Roquebrune,1998/CBM67(0-1) (Golod,V) (37).} Qxa1 8. bxc5 {Instead of the
exchange white has a some initiative and strong pawns centre.} (8. dxc5 $2 {
is refuted by:} Na6 {[%csl Ga6,Rb4]}) ({Very interestingly:} 8. e5 $5 cxd4 (
8... cxb4 $143) 9. exf6 dxc3 10. fxg7 Kxg7 11. Qxc3+ (11. bxc3 $5) 11... f6 12.
Bd3 Nc6 13. Nf3 Qa4 14. Bd2 $44) 8... Nc6 9. Nf3 e5 $6 $146 ({Probably better
is:} 9... b6 10. e5 Ne8 11. Be2 (11. cxb6 Nb4 12. Qd2 axb6 $15) 11... bxc5 12.
dxc5 f6 $15 {Menyhart,T-Egri,L/Debrecen,1995(1-0)(33)}) 10. dxe5 ({More worse
is:} 10. d5 {in view of:} Nb4 $1 (10... Nd4 $6 11. Nxd4 (11. Qd1 $2 Nb3 {
[%csl Rc1]} 12. Qxb3 (12. Be3 $2 Qxb2 $19) 12... Qxc1+ $17) 11... exd4 12. Nb5
Nxe4 {[%csl Rc1]} 13. Bd3 Qa5+ 14. Kd1 Nf6 $13) 11. Qd1 (11. Qd2 $2 Na6 $17 {
[%csl Rc5]}) 11... Re8 $15) 10... Ng4 {[%csl Re5]} 11. Be2 $5 $44 {/\0-0} ({
Senselessly:} 11. Nd5 Ngxe5 12. Nxe5 Nxe5 {with better position of black.})
11... Qa5 {[%csl Rc5][%cal Ga5c5]} (11... Ngxe5 $143 12. Nxe5 Nxe5 13. O-O Qa5
14. Be3 {and white gets same position without move h3.}) 12. h3 Ngxe5 13. Nxe5
Nxe5 14. Be3 b6 $6 ({After:} 14... Qa1+ 15. Nd1 (15. Nb1 $144 Qa5+ $11) (15.
Bc1 $143 Nc6 {[%cal Gc6d4]}) (15. Bd1 $2 Nxc4) 15... Qa5+ 16. Nc3 {equality}) (
{Can be recommended:} 14... Qb4 {[%csl Rc4][%cal Ge5c4]} 15. b3 (15. O-O $2
Nxc4 16. Nd5 Nxe3 17. fxe3 Qa5 $8 $17) 15... b6 $1 16. f4 Ng6 17. cxb6 axb6 18.
O-O Bb7 $13) 15. cxb6 axb6 ({In my opinion slightly better is:} 15... Qa1+) 16.
O-O {White gets a more comfortably position.} Bb7 $6 ({Also dubious:} 16... Re8
{in view of:} 17. Nd5 {[%csl Ra8,Re8][%cal Gd5c7]}) (16... Nc6 $5) 17. Qb3 {
[%csl Rb6]} Ba6 $6 {Again inaccuracy.} ({It is necessary:} 17... Rfb8 {[%csl
Rb3,Gb8]} 18. Qxb6 (18. Bxb6 $2 {is refuted by:} Ba6 $1 19. Bxa5 (19. Nd5 Qd2
$17 {[%csl Rc4,Ye2][%cal Gd2e2]}) 19... Rxb3 $17) 18... Qxb6 19. Bxb6 {[%cal
Gb6c7]} Bxe4 $1 20. Bc7 $140 Bd3 21. Bxd3 (21. Bxb8 $144 Rxb8 $8 22. Bxd3 Nxd3
{[%csl Rb2] transfer to 21.Bxd3}) (21. Bxe5 $6 Bxe2 22. Re1 $8 (22. Bxb8 $2
Bxf1) (22. Nxe2 $2 Re8 23. f4 f6 {[%csl Re2,Re5]}) 22... Bxc4 (22... Rxb2 $2
23. Nxe2 {[%csl Rb2][%cal Ge5b2] +/=/+/-}) 23. Bxb8 Rxb8 $11) 21... Nxd3 22.
Bxb8 Rxb8 {[%csl Rb2]} 23. Rd1 $5 Nxb2 $140 24. Rb1 {[%csl Gb1,Rb8]} Rb4 {
[%cal Gb2d3]} 25. Nd5 Rb3 26. c5 $14) 18. Nd5 $1 {[%csl Rb6]} ({Badly:} 18.
Bxb6 {because of:} Rfb8 19. Nd5 Qd2 {[%csl Rc4,Ye2]}) 18... Rfb8 ({Also after:
} 18... Rab8 19. f4 Nc6 20. Nxb6 {white has a material advantage.} (20. Bxb6 $4
Nd4 $1 $19 {[%csl Rb3,Rb6,Re2,Rg1]})) 19. Bf4 $1 ({More worse is:} 19. Nxb6 Ra7
$13) 19... d6 ({Loses:} 19... f6 $2 {in view of:} 20. Nc7 {[%csl Ra6,Ra8,Rg8]
[%cal Gc4c5]}) (19... Re8 $143 20. Nc7 $16) 20. Bxe5 $1 dxe5 $140 21. Ne7+ {
[%csl Ra5,Rb8,Ge7,Rg8][%cal Ge7c6]} Kh8 (21... Kf8 $143 22. Nc6 Qc5 (22... Qd2
23. Nxb8 Rxb8 24. Bg4 $16 {[%csl Ra6,Rf8][%cal Gb3a3]}) 23. Nxb8 Rxb8 24. Rd1
$16) 22. Nc6 $16 Qd2 ({Slightly worse is:} 22... Qc5 23. Nxb8 Rxb8 24. Rd1 $16
{[%cal Gd1d8]}) 23. Nxb8 Rxb8 $8 ({Loses right away:} 23... Qxe2 $4 24. Qxb6 {
[%csl Ra6,Rh8][%cal Gb6d8]}) 24. Bf3 {[%cal Gf1d1]} ({Also good enough:} 24.
Bd3 $5 {/\Rd1} Rd8 25. Rd1 $5 (25. Qxb6 Qxd3 26. Qxa6 Qxe4 27. b4 $16) 25...
Bxc4 (25... Qg5 26. Be2 $16 (26. Qxb6 Bxc4 27. Bc2 $16)) 26. Qa4 {[%csl Rc4,
Rd2]} b5 $8 (26... Bb5 $2 27. Qa1 $1 {[%csl Ya1,Rd1][%cal Ya1d1]} Qxd3 $8 (
27... Qb4 $4 28. Bxb5 Rxd1+ 29. Qxd1 Qxb5 30. Qd8+) 28. Rxd3 Bxd3 29. Qa7 $18 {
[%csl Rb6,Rf7]}) 27. Qa1 $1 {[%csl Ya1,Rd1][%cal Ya1d1]} Qg5 (27... Qxd1+ 28.
Qxd1 Bxd3 $16 {_|_}) 28. Bxc4 bxc4 (28... Rxd1+ 29. Qxd1 bxc4 30. Qc2 $16 {
[%csl Rc4] Q_|_}) 29. Rxd8+ Qxd8 30. Qa6 $16 {[%csl Rc4] Q_|_}) 24... Qd4 25.
Rc1 {[%cal Gc4c5]} Rc8 $6 ({Can be recommended:} 25... Ra8) 26. Qa3 {This move
better than:} (26. c5 {[%csl Rf7]} bxc5 (26... Rxc5 $4 27. Rd1 $18 {[%csl Rh8]}
) 27. Qxf7 Qxb2 (27... Bd3 $5 $16) 28. Rxc5 Qb8 29. Rxc8+ Qxc8 $16) 26... Ra8
$8 (26... Bxc4 $4 27. b3 {[%csl Rh8]} Be6 28. Rxc8+ Bxc8 29. Qf8#) (26... Bb7
$2 27. Rd1 Qc5 (27... Qxc4 $4 28. Qe7 $18 {[%csl Rb7,Rh8][%cal Gd1d8]}) 28.
Qxc5 bxc5 $8 29. Rd7 {[%csl Rb7,Rf7]} Ba6 $8 30. b3 Rb8 (30... f6 $2 31. Ra7 {
[%csl Ra6,Ga7,Yc8,Rh8][%cal Ga7a6,Ga7a8]}) (30... Kg8 31. Ra7 {[%csl Ra6,Ga7,
Yc8,Rg8][%cal Ga7a6,Ga7a8]}) 31. Rxf7 Kg8 32. Ra7 $18) 27. c5 bxc5 28. Rxc5 {
with the idea 29.Qxa6(עh8) or 25.Ra5(ץa6)} Rb8 $2 ({It is necessary:} 28...
Rg8 29. Rc7 Bc4 30. b4 $16) 29. Rc7 $18 {[%csl Ra6,Rf7]} Bc4 $2 (29... Bd3 $142
30. Rxf7 {[%csl Rh8][%cal Gf7f8]} Rg8 31. Qc3 $18 {[%csl Re5]}) 30. Qb4 $1 {
[%csl Rb8,Rc4,Rh8]} 1-0

[Event "Capablanca Memorial Elite 33rd"]
[Site "Havana"]
[Date "1998.05.08"]
[Round "2"]
[White "Vera Gonzalez Quevedo, Reynaldo"]
[Black "Bacrot, Etienne"]
[Result "1/2-1/2"]
[WhiteElo "2535"]
[BlackElo "2565"]
[Annotator "Golod,V"]
[PlyCount "82"]
[EventDate "1998.05.07"]
[EventType "tourn"]
[EventRounds "11"]
[EventCountry "CUB"]
[EventCategory "12"]
[SourceTitle "CBM 065"]
[Source "ChessBase"]
[SourceDate "1998.08.06"]
[SourceVersion "1"]
[SourceVersionDate "1998.08.06"]
[SourceQuality "1"]

1. d4 Nf6 2. c4 e6 3. Nc3 Bb4 4. Qc2 O-O 5. a3 Bxc3+ 6. Qxc3 b6 7. Bg5 Bb7 8.
e3 d6 9. f3 (9. Nf3 $5) 9... Nbd7 $5 (9... h6 $5) 10. Nh3 $5 (10. Bd3 $5 h6 (
10... c5 11. dxc5 (11. Ne2 Rc8 12. Qb3 (12. b4 $6 h6 13. Bh4 d5 14. cxd5 Nxd5
15. Bxd8 Nxc3 16. Bh4 cxd4 (16... Nxe2 $5 17. Kxe2 cxd4 18. exd4 Nf6 19. Rac1 {
1/2-1/2 Alterman,B-Huzman,A/Zonal 1.1 1998}) 17. exd4 Nf6 18. Rc1 Nxe2 19. Kxe2
Rfd8 20. Rhd1 Kf8 21. Bxf6 gxf6 22. Ke3 f5 23. g4 fxg4 24. fxg4 Rxc1 25. Rxc1
Rc8 26. Rxc8+ Bxc8 27. Kf4 f6 28. h4 Ke7 29. g5 hxg5+ 30. hxg5 fxg5+ {1/2-1/2
Atalik,S-Wells,P/Geza Maroczy GM, Szeged HUN 1997}) (12. Qd2 $5) 12... h6 (
12... d5 13. cxd5 Bxd5 14. Qa4 (14. Qd1 $5) 14... cxd4 15. exd4 $14 Bc6 (15...
Qc7 16. Bf4 Qc6 17. Bb5 Qc2 18. Bxd7 Bb3 19. Qxa7 $14) 16. Qd1 b5 17. O-O Qb6
18. Rc1 Nd5 (18... a5 19. Kh1 b4 20. Qe1 $14) 19. Kh1 a5 20. Qe1 $1 $14 {
Adianto,U-Karpov,A/Jakarta m 1997/1-0 (61)}) 13. Bh4 cxd4 (13... d5 $143 14.
cxd5 Bxd5 15. Qd1 cxd4 16. Nxd4 Bc4 17. O-O a6 $6 18. Rc1 b5 $6 19. Bxc4 Rxc4
20. Rxc4 bxc4 21. Qa4 $16 {1/2-1/2 Sokolov,I-Georgiev,K/Burgas/1992/ (31)}) 14.
exd4 d5 15. O-O dxc4 16. Bxc4 Nb8 17. Rac1 $5 (17. Rad1 Bd5 18. Rc1 Bxc4 19.
Rxc4 Qd5 20. Rfc1 $11 {0-1 Hoang Thang Trang-Horvath,A/FSGM Dec, Budapest HUN
1997 (60)}) 17... Qe7 18. Rfd1 Rfd8 19. Qe3 Nc6 20. Nc3 Nd5 21. Qf2 $14 {
1-0 Hoang Thang Trang-Held,M/FSIM A Oct, Budapest HUN 1997 (35)}) 11... Nxc5
12. Bc2 Rc8 13. Nh3 Ncd7 14. O-O d5 15. b3 dxc4 16. bxc4 Bd5 17. Bxh7+ Kh8 18.
Qe1 Bxc4 19. Qh4 Bxf1 20. Bg6+ Kg8 21. Bh7+ {1/2-1/2 Hsu Li Yang-Wu Shaobin/
Karpov GM, Singapore SIN 1997}) 11. Bh4 c5 12. Ne2 Rc8 13. b4 $5 (13. Qb3 $6
cxd4 14. exd4 d5 15. O-O dxc4 16. Bxc4 a6 17. a4 Rc6 18. Rfe1 Qc8 19. Rac1 Nd5
20. Bxd5 Rxc1 21. Rxc1 Bxd5 22. Rxc8 Bxb3 $15 {Ivanov,S-Solozhenkin,E/St
Petersburg-ch 1998/0-1 (58)}) 13... cxd4 14. exd4 Re8 15. O-O e5 16. Rac1 e4
17. fxe4 g5 18. Bg3 Nxe4 19. Bxe4 Bxe4 20. Bxd6 Bxg2 21. Ng3 Bxf1 22. Rxf1 Re6
23. Nf5 Kh8 24. d5+ Qf6 25. Nd4 Rxd6 26. Rxf6 Rxf6 27. Nf5 Kh7 28. Qc2 Kh8 29.
Qe4 {1-0 Baburin,A-Lesiege,A/Europe vs Americas, Mermaid Beach BER 1998}) 10...
Rc8 $5 {[%cal Gc7c5]} (10... c5 $5 11. dxc5 dxc5 12. Bd3 Qc7 13. O-O Rae8 14.
Rad1 Bc6 15. Bc2 h6 16. Bh4 e5 17. Nf2 e4 18. f4 $14 {Van Wely,L-Timman,J/
Hoogovens USA, Merrillville USA 1997/0-1 (71)}) 11. O-O-O $5 $146 (11. Bd3 $5
h6 12. Bh4 c5 13. O-O cxd4 14. Qxd4 Qe7 15. Be2 e5 $6 (15... Ba6 {>=} 16. Rac1
d5 17. b3 e5 $15) 16. Qd2 g5 17. Bg3 Nc5 18. Rad1 Rfd8 (18... Rcd8 $5) 19. e4
Ne6 20. Bf2 Nh5 21. Rfe1 $14 {0-1 Petursson,M-Salov,V/Manila (izt) 1990 (49)})
(11. Be2 $143 h6 $10) 11... c5 12. dxc5 (12. d5 $6 exd5 13. cxd5 h6 14. Bxf6 (
14. Bh4 $2 Nxd5 15. Rxd5 (15. Qe1 $143 Qc7) 15... Qxh4 16. Rxd6 Qe7 $15) 14...
Qxf6 (14... Nxf6 $5) 15. e4 Qxc3+ 16. bxc3 f5 $15) 12... Rxc5 $5 (12... Nxc5
13. Bxf6 gxf6 (13... Qxf6 $6 14. Qxf6 gxf6 15. Rxd6 b5 $1 $14)) (12... d5 $5 {
[%csl Rc1][%cal Gc8c1]}) 13. Rxd6 Qe7 $5 {[%cal Gf8c8,Gc8c1]} (13... Qc7 $143
14. Rd2 Rc8 15. e4 $14 {[%cal Gg5e3,Gc1b1,Gf1e2,Gh1c1]}) 14. Rd2 Rfc8 15. Kb1 {
[%csl Rc1][%cal Gc8c1]} (15. Be2 $6 Ne5 $1 $36 {[%csl Rc4]}) 15... a5 $1 $44 {
/\Ba6;><c4} (15... b5 $2 16. b4 R5c7 17. c5 $16 {[%cal Ge3e4]}) 16. Be2 Ba6 17.
Rhd1 (17. Rc1 $142 $5 Ne5 (17... Bxc4 18. Bxc4 Rxc4 19. Qxc4 Rxc4 20. Rxc4 $14)
18. b3 $14 b5 $140 19. Qxa5) 17... Bxc4 $1 18. Bxc4 (18. Rxd7 {[%csl Gd7,Re7]
[%cal Gg5e7,Gd7e7]} Bxe2 $8 19. Rxe7 Rxc3 20. bxc3 Bxd1 21. Bxf6 (21. e4 $5 $13
) 21... gxf6 22. Kb2 Ba4 $11) 18... Rxc4 {+/=/=} 19. Qb3 (19. Bxf6 $6 Nxf6 $140
20. Rd8+ Rxd8 21. Rxd8+ Qxd8 22. Qxc4 h6 $15 {[%csl Rb1,Rg2,Rh2]}) 19... Qe8 $5
{[%csl Re7][%cal Gg5e7] /\R4c6,Nc5} 20. e4 {[%csl Rd5]} R4c6 21. Bxf6 (21. Nf4
$5 Nc5 22. Qe3 Nfd7 23. Ne2 f6 24. Bf4 $14) 21... Nxf6 22. Nf4 {><d5;/\e5} Qe7
$11 {[%csl Ye8][%cal Gf6e8]} 23. e5 Ne8 24. Ne2 $5 {[%csl Rb6][%cal Ge2d4,
Yc6b6,Gd4c6]} Qg5 $1 {[%csl Re5,Rg2]} 25. Nd4 Rc5 26. Qxb6 Qxe5 (26... Rxe5
$143 27. Rc2 $14 {[%cal Gd4c6,Gc6e7]} (27. Qa6 Rd8 $13)) 27. g3 h6 $5 {[%csl
Yg8,Gh7]} 28. f4 Qe4+ 29. Ka2 a4 $1 {[%csl Ra2][%cal Ga4b3]} 30. Qa6 $5 $11 {
[%csl Ra4,Yd3,Ye2][%cal Ga6e2,Ga6a4]} Ra8 (30... Qd5+ $5 31. Kb1 Rc4) 31. Qe2
Qd5+ (31... Qxe2 $2 32. Nxe2 $14 {[%csl Ra4][%cal Ge2c3]}) 32. Kb1 Nf6 {
[%csl Re4]} 33. Nc2 $5 {/\Rd8+} (33. Nf3 Qf5+ 34. Ka2 Rac8 (34... Nd5 $143 35.
Nd4 Qf6 36. Rc2) 35. Rd8+ Kh7 36. Rxc8 Rxc8 37. Qd3 $11) 33... Qb7 34. Rd8+ (
34. Nb4 $5) 34... Rxd8 35. Rxd8+ Kh7 36. Rd4 {[%csl Ra4]} Qc6 (36... Nd5 {
[%csl Rb1,Re2][%cal Gd5c3]} 37. Qe4+ g6 38. Nb4 Rb5 39. g4 $1 $13 {[%cal Gf4f5]
}) 37. Qd1 {[%csl Rc1][%cal Gc2b4]} e5 $11 38. fxe5 Rxe5 39. Nb4 Qe8 {[%cal
Ge5e1]} 40. Qc2+ g6 41. Nd3 Re4 (41... Re4 42. Rxe4 Nxe4 $11) 1/2-1/2

[Event "MK Cafe Cup-A"]
[Site "Koszalin"]
[Date "1999.08.12"]
[Round "9"]
[White "Kruppa, Yuri"]
[Black "Ibragimov, Ildar"]
[Result "1/2-1/2"]
[WhiteElo "2603"]
[BlackElo "2554"]
[Annotator "Golod,V"]
[PlyCount "56"]
[EventDate "1999.08.03"]
[EventType "swiss"]
[EventRounds "9"]
[EventCountry "POL"]
[SourceTitle "CBM 073"]
[Source "ChessBase"]
[SourceDate "1999.12.01"]
[SourceVersion "1"]
[SourceVersionDate "1999.12.01"]
[SourceQuality "1"]

1. d4 Nf6 2. c4 e6 3. Nc3 Bb4 4. Qc2 O-O 5. a3 Bxc3+ 6. Qxc3 b5 $5 {[%mdl 4]}
7. cxb5 c6 8. f3 $5 {Besides,white has few options:} (8. e3 {-see comments to
Ostenstad,B-Tisdall,J/Ostlandsserien,1994/ CBM68(0-1)(Tisdall)(28)}) (8. Bg5 $5
{Is the main line.You can see comments to Kramnik,V-Adams,M/Dortmund,1998/CBM
66(1/2-1/2)(Golod,V)(41) and Georgiev,K-Nikolic,P/Sarajevo,1998/CBM66 (1/2-1/2)
(Golod,V)(31)}) (8. bxc6 $5 {-see comments to Polugaevsky,L- Dzindzichashvili,
R/Reykjavik,1990/CBM18 (1/2-1/2)(Ftacnik)(26)}) (8. a4 $6) (8. g3 $6) ({and} 8.
Nf3) 8... Nd5 ({Considerably worse is:} 8... cxb5 9. e4 a6 10. Bd3 Nc6 11. Ne2
(11. Bf4 $6 Bb7 12. Bd6 Re8 13. Ne2 Rc8 14. Rc1 Ne5 $8 15. dxe5 $1 Rxc3 16.
Rxc3 $44 {Panno,O-Abregu,M/Buenos Aires,1989/Inf 48/(718)(16)}) 11... Bb7 12.
Bc2 (12. b3 $5 Rc8 13. Qb2 $16 {Panno,O}) 12... d6 13. O-O (13. Be3 $142) 13...
Rc8 14. Qd3 Qc7 $11 {Stefansson,H-Greger,R/Copenhagen,1998 (0-1)(52)}) 9. Qd3 {
This move better than:} (9. Qc2 Qh4+ 10. g3 Qxd4 11. e4 Nb6 (11... Ne3 $2 12.
Qd2 $2 (12. Qd3 $1 $16 {[%csl Re3]}) 12... Qxd2+ 13. Bxd2 Nxf1 14. Kxf1 cxb5
15. Bb4 Re8 16. Bd6 $15 {Hardy,R-Cherniaev,A/London,1999(0-1)(38)}) 12. Qf2
Qxf2+ 13. Kxf2 cxb5 14. Bxb5 d5 $11 15. exd5 Nxd5 16. Ne2 Ba6 17. Bxa6 Nxa6 18.
Be3 Nxe3 {1/2-1/2 Tyni,J-Raaste,E/FIN-chT,1993(18)}) ({and} 9. Qd2 $6 f5 10.
Nh3 (10. e3 cxb5 11. Bd3 $10 (11. Bxb5 $6 Nxe3 $1 $15)) 10... cxb5 11. e3 (11.
e4 $143 fxe4 12. fxe4 Nf6 13. Bd3 Bb7 14. Nf2 Nc6 15. O-O Qb6 $1 $15) 11... Nc6
12. Bxb5 (12. Bd3 Na5 $15) (12. b4 $5 $15) 12... Na5 $36 {Mohr,S-Christiansen,
L/BRD,1989/Inf48/718 (0-1)(Christiansen,L)(22)}) 9... cxb5 $5 $146 {[%mdl 8]} (
9... f5 $5 {-was checked in the previous games.} 10. e4 fxe4 $5 (10... Nc7 $5
11. Nh3 Qh4+ $5 (11... cxb5 $2 12. Bg5 $1 Qe8 $140 13. Bf4 {[%csl Rc7]} fxe4
14. fxe4 Qd8 15. Qg3 $16 {Janjgava,L-Lalic,S/London,1990(1-0)(21)}) 12. g3 fxe4
13. Qxe4 (13. fxe4 $5) 13... Qxe4+ 14. fxe4 Nxb5 15. Bxb5 (15. Be3 $5) 15...
cxb5 16. Be3 Bb7 17. Nf2 Nc6 $11 {Lauber,A-Tisdall,J/Hallsberg,1996(0-1)(33)})
(10... Nb6 11. exf5 Rxf5 12. Qe4 cxb5 13. Bd3 Nd5 14. Qg4 Rf8 15. Bh6 Rf7 16.
Bg5 Qa5+ 17. Bd2 Qb6 18. Qh4 h6 19. Ne2 $14 {1/2-1/2 Miles,A-Gurevich,D/New
York,1989/ CBM12(60)}) 11. fxe4 Nf6 12. Bg5 Qb6 13. Nf3 Bb7 $44 {1/2-1/2
Bursztyn,A-Volman,H/Netanya,1993 (26)}) 10. e4 ({Badly:} 10. Qxb5 {in view of:}
Qh4+ 11. g3 Qxd4 $36) 10... Ne7 $5 {This move logically,than:} (10... Nb6) (
10... Nc7) 11. Nh3 ({In principle:} 11. Qxb5 Ba6 (11... f5 $5) (11... Nbc6 $5 {
[%csl Rd4]}) 12. Qc5 $5 d6 $5 $44 (12... Bxf1 $6 13. Kxf1 f5 14. Bg5 d6 15. Qc4
{+/=/+/-})) 11... Nbc6 {[%csl Rd4]} 12. Be3 d5 13. Rd1 {[%csl Yd1] with the
idea Be2,0-0 or e5} ({Dubious:} 13. e5 Nf5 $140 14. Bf2 {in view of:} Qa5+ $1 {
[%csl Rd4]}) 13... e5 $1 {[%csl Gc8,Gd5,Ge5,Rh3] Correct way for eguality!} 14.
Nf2 ({Badly:} 14. dxe5 Bxh3 $140 15. exd5 $2 {because of:} Nxe5 16. Qe4 Nc4 $1
17. gxh3 (17. Bxc4 $4 Bf5 18. Qe5 bxc4 19. d6 Bc2 $1 $19 {[%csl Rd1][%cal
Ge7g6]}) 17... Nxe3 18. Qxe3 Nxd5 $40) 14... exd4 15. Bxd4 Nxd4 ({Probably
worse is:} 15... dxe4 16. Nxe4 Nxd4 17. Qxd4 Qxd4 18. Rxd4 a6 {with slight
advantage of white.}) 16. Qxd4 Be6 $11 {[%cal Gd8a5]} 17. Be2 Qa5+ 18. Qd2 ({
Senselessly:} 18. b4 Qxa3 19. Qc5 (19. Ra1 $6 Qb3 {[%cal Ge7c6]}) 19... Rae8 $1
(19... Rfe8 $143 20. Bxb5 Rac8 21. Qd4 Red8 22. O-O a5 $11) 20. Bxb5 $140 Rb8
21. O-O a5 $36) 18... Qb6 19. Qd4 Qa5+ 20. Qd2 Qc7 ({In my opinion better is:} 
20... Qb6 21. Qd4 Qa5+ $11) 21. O-O ({Another possibility is:} 21. Bxb5 Rfd8
22. Bd3 dxe4 23. fxe4 Rd4 {with full compensation behind pawn.} (23... Qe5 $5))
21... dxe4 22. Nxe4 Nf5 23. Kh1 {[%csl Rb5]} (23. Bxb5 $4 Qb6+ {[%csl Rb5,Rg1]}
) 23... Qb6 ({Can be recommended in the beginning:} 23... Rfd8) 24. Qf4 Rfd8
25. Rxd8+ Rxd8 26. Rd1 Nd4 ({Also eguality after:} 26... Rxd1+ 27. Bxd1 h6) 27.
Bf1 h6 28. Qe3 b4 (28... b4 29. axb4 Qxb4 30. Qc3 a5 $11) 1/2-1/2